Una visita a la cronocromofonía / (Record no. 189436)

MARC details
000 -LEADER
campo de control de longitud fija 00873nam a2200229 i 4500
001 - NÚMERO DE CONTROL
campo de control 189436
003 - IDENTIFICADOR DE NÚMERO DE CONTROL
campo de control SpMaBN
005 - FECHA Y HORA DE LA ÚLTIMA TRANSACCIÓN
campo de control 20250828063302.0
008 - DATOS DE LONGITUD FIJA--INFORMACIÓN GENERAL
campo de control de longitud fija 190531s2018 sp c |||| |dspa d
080 ## - NÚMERO DE LA CLASIFICACIÓN DECIMAL UNIVERSAL
Número de la Clasificación Decimal Universal 7 Cruz Novillo, José María
100 1# - ENTRADA PRINCIPAL--NOMBRE DE PERSONA
Nombre de persona Cruz Novillo, José María,
Fechas asociadas al nombre 1936-
9 (RLIN) 167193
245 14 - MENCIÓN DEL TÍTULO
Título Una visita a la cronocromofonía /
Mención de responsabilidad, etc. José María Cruz Novillo.
260 ## - PUBLICACIÓN, DISTRIBUCIÓN, ETC.
Lugar de publicación, distribución, etc. [Madrid] :
Nombre del editor, distribuidor, etc. Real Academia de Bellas Artes de San Fernando,
Fecha de publicación, distribución, etc. [2018]
300 ## - DESCRIPCIÓN FÍSICA
Extensión 1 h. pleg. (6 p.) :
Otras características físicas il. col., 1 retr. ;
Dimensiones 21 cm.
490 1# - MENCIÓN DE SERIE
Mención de serie Pliegos de pensamiento vivo ;
Designación de volumen o secuencia 5
600 17 - PUNTO DE ACCESO ADICIONAL DE MATERIA--NOMBRE DE PERSONA
Nombre de persona Cruz Novillo, José María,
Fechas asociadas al nombre 1936-
Fuente del encabezamiento o término
9 (RLIN) 167193
650 #7 - PUNTO DE ACCESO ADICIONAL DE MATERIA--TÉRMINO DE MATERIA
Término de materia o nombre geográfico como elemento de entrada Arte y música
Fuente del encabezamiento o término embne
9 (RLIN) 167218
710 2# - ENTRADA AGREGADA--NOMBRE DE ENTIDAD CORPORATIVA
Nombre de entidad corporativa o nombre de jurisdicción como elemento de entrada Real Academia de Bellas Artes de San Fernando.
9 (RLIN) 6291
830 0# - PUNTO DE ACCESO ADICIONAL DE SERIE-TÍTULO UNIFORME
Título uniforme Pliegos de pensamiento vivo ;
Designación de volumen o secuencia 5
9 (RLIN) 193319
852 ## - LOCALIZACIÓN
Ubicación ES-MaACL
Número de control de estantería 2340-F-5
Holdings
Estatus retirado Estado de pérdida Estado de daño No para préstamo Colección Biblioteca de origen Biblioteca actual Ubicación en estantería Fecha de adquisición Fuente de adquisición Total de préstamos Signatura topográfica completa Código de barras Visto por última vez Precio de reemplazo Tipo de ítem Koha
        Colección de folletos Biblioteca del Ateneo de Madrid Biblioteca del Ateneo de Madrid Depósito folletos 31/05/2019     2340-F-5 1200711 23/02/2023 23/02/2023 Folleto